Anime by Opening Line Quiz Stats

 Plays Quiz not verified by Sporcle

Score 0/40 Timer 15:00
0 Plays Today
Line Series % Correct
In the year 2010 of the Common Era, the Holy Empire of Britannia invaded Japan.Code Geass: Lelouch of the Rebellion
77.2%
Wealth. Fame. Power.One Piece
40.3%
'_____? Yeah, they say the man with $$60 billion on his head showed up in Dankin town.'Trigun
39.8%
'Hey, _____, it's ready!' 'I'm just about done, myself. What's cooking?' 'Special: beef with bell peppers.'Cowboy Bebop
33.8%
'As of 12:30 PM today, the Kanto and Chubu regions surrounding the Tokai district have been declared to be under a state of emergency. All residents must evacuate...'Neon Genesis Evangelion
32.6%
Since when, nobody knows. The swaying of the ripened ears of wheat in the wind became known as 'the wolf is running'.Spice and Wolf
32.6%
'Her name was _____. At first glance, a quite ordinary, industrious, and sweet girl, but in truth, she was a combat waitress from the future.'The Melancholy of Haruhi Suzumiya
28.3%
'Someone call an ambulance!'Yu Yu Hakusho
20.3%
'It was the first day of the second semester when I realized she rode the same train as me.'School Days
18.2%
'Was it the correct decision to not let her fall? No, that was probably a mistake.'Bakemonogatari
18%
'Graduating from a national university, I somehow managed to make my way into the corporate world. This is a businessman's town. I get my ass kicked by my boss every day.Black Lagoon
17%
'Legs spread, same width as the shoulders. Body tight. Then hit like you're going to defeat your enemy. Here, the pinky is the key.'FLCL
16.2%
They are distant creatures. Primitive and peculiar, they are things unlike any animal or plant we've grown to know.Mushishi
16.1%
'_____, it must be hard being ______'s secretary.'Elfen Lied
15%
I, _____, hereby pledge in the event that _____ is animated, that I have given the staff full authority over the use, misuse of its contents et cetera...Excel Saga
14.4%
_____. Born to an American father and a Japanese mother, she was the youngest to graduate out of MIT.Pani Poni Dash
14.2%
There lies a city on the faultline between Heaven and Hell...Panty & Stocking with Garterbelt
13.3%
Once upon a time, a man died.Princess Tutu
13.2%
'It's impossible to start a journey like this.'Kino's Journey
11.5%
'Once upon a time, years and years ago, there was a little princess, and she was very sad, because her mother and father had died.'Revolutionary Girl Utena
10.9%
Line Series % Correct
'White, nice.'Great Teacher Onizuka
10.4%
'Hey, ____. I heard you won another art award.'Bakuman
9.6%
'Where am I? I'm falling from the sky.'Haibane Renmei
9.6%
'One day, riding the green bike I always used to ride, I thought, 'How far can I go without turning back?''Honey and Clover
8.4%
'Don't do it! Don't throw away your life!'Sayonara Zetsubou Sensei
8.4%
In the year 2009, humanity encountered its first alien race.Macross 7
7.8%
'Why? Why won't you come?'Serial Experiments Lain
7.7%
'All right! Come on, place your bets!'Gambling Apocalypse Kaiji
7.4%
'Hey, _____! Be a good girl and get caught by this robot!'Hayate the Combat Butler
7.3%
'According to rumors among the other kids, many cases of pets going missing have been occuring in Daikoku City recently.'Dennou Coil
6%
'Will you do _____ a favor? Put your talents to good use! The United Planets Space Force is looking for energetic people!'Irresponsible Captain Tylor
5.4%
'Y'know, there are so many people lately who sing along with their Walkman loudly and don't even realize it. They look so stupid!' 'They're such dorks!'Golden Boy
4.9%
Pardon the abruptness, but do you like spirits?Bartender
4%
''My Papa,' by _____, 3rd Grade, Class 4, number 2. I think my papa is a great man.'Gunbuster
3.4%
Thirteen years had passed since the end of the Pacific War.Akagi
3.2%
In some universe, there is some galaxy, somewhere within which there is a planet: Earthdash.Basquash
3.1%
'Man, humans are so troublesome.' 'How so?' 'Can't they just say it before they die?'Shigofumi
2.9%
'It's been a while since I watched this. When I was still living at home, I never woke up this early.'Hidamari Sketch
2.6%
The Middle Ages. A war-torn period in which European countries were in conflict over religions and customs.Yakitate!! Japan
1.9%
'The records have been successfully written, master.'Eve no Jikan
1.4%

You're not logged in!

Compare scores with friends on all Sporcle quizzes.
OR
Log In

Show Comments

Extras

Created Nov 3, 2010ReportNominate
Tags:Anime Quiz, Anime Series, first

Top Quizzes Today


Score Distribution

Your Account Isn't Verified!

In order to create a playlist on Sporcle, you need to verify the email address you used during registration. Go to your Sporcle Settings to finish the process.

Report this User

Report this user for behavior that violates our Community Guidelines.

Details: